000
00284nam a22001337a 4500
041
_a
ENG
100
_a
Beckwith.T
245
_a
Mechanical Measurements
250
_a
Sixth Ed
260
_a
Delhi
_b
Pearson Education
_c
2007
300
_a
783
650
_a
FMP
856
_u
FMP ( 04 )
999
_c
1449
_d
1449